000 00574nam a2200193Ia 4500
005 20250508165324.0
008 008 250505s9999 xx 000 0 eng d
037 _aDissertations
040 _aFEDL
_beng
_cFEDL
041 _aeng
_2eng
084 _a371.3, RAW/DI
_qFEDL
100 _aRawat Neha
_9780498
245 0 _aStudy on the impact of school media club on children's learning
260 _c2013
300 _a109p.
546 _aM.Ed. Dissertation, (Delhi University); C D Included
942 _cDIS
_h371.3, RAW/DI
999 _c1394446
_d1394446